มุมมองปกติ
มุมมองแบบ MARC
- โยธิน อินทรประสงค์
รายการ Personal Name
001 - CONTROL NUMBER
- control field: 30354
003 - CONTROL NUMBER IDENTIFIER
- control field: NALT
005 - DATE AND TIME OF LATEST TRANSACTION
- control field: 20240422100640.0
008 - FIXED-LENGTH DATA ELEMENTS
- fixed length control field: 180815|| aca||aabn | a|a d
040 ## - CATALOGING SOURCE
- Original cataloging agency: NALT
100 0# - HEADING--PERSONAL NAME
- Personal name: โยธิน อินทรประสงค์
